Acuerdo preventivo judicial /

Guardado en:
Otros Autores: Ribichini, Guillermo Emilio, Maffia, Osvaldo J., (prol.)
Formato: Libro
Idioma:Spanish
Publicado: Buenos Aires : Astrea, 2011
Edición:1a. ed.
Materias:
Etiquetas: Agregar Etiqueta
Sin Etiquetas, Sea el primero en etiquetar este registro!
LEADER 00807nam a22001935a 4500
001 DER.der011206
008 180615s2011####ag#||||||||||||||#||spa||
005 20241031094850.0
245 1 0 |a Acuerdo preventivo judicial /  |c Guillermo Emilio Ribichini ; prologo de Osvaldo J. Maffia. 
250 |a 1a. ed. 
260 |a Buenos Aires :  |b Astrea,  |c 2011 
300 |a 256 p. 
505 0 |a Categorización de los acreedores. Propuesta. Votación. Acuerdo abusivo o en fraude a la ley. Impugnaciones. Homologación y "cramdown power". Salvataje. Efectos del acuerdo. Nulidad. 
020 |a 9789505089390 
700 1 |a Ribichini, Guillermo Emilio 
700 1 |a Maffia, Osvaldo J.,  |e prol. 
650 7 |a DERECHO CONCURSAL 
859 |a DERECHO  |b BIB. DERECHO  |h 346.07  |i RIB  |p 006614 
859 |a DERECHO  |b BIB. DERECHO  |h 346.07  |i RIB  |p 0010301  |t 1